A life /

Nate Martin is hopelessly single. When his most recent breakup--another in a lifelong string of ill-fated matches--casts him into a funk, he turns to the only source of wisdom he trusts: the stars. Pouring over astrological charts, he obsessively questions his past and place in the cosmos.

Bibliographic Details
Main Author: Bock, Adam (Adam William David) (Author)
Format: Book
Language:English
Published: New York : Samuel French, [2017]
Series:Samuel French acting edition.
Subjects:

MARC

Tag First Indicator Second Indicator Subfields
LEADER 00000cam a2200000 i 4500
001 in00005500821
008 170831t20172017nyu 000 d eng d
005 20240923172612.5
035 |a (OCoLC)on1004229301 
040 |a EYM  |b eng  |e rda  |c EYM  |d TXI  |d OCLCF  |d YDX  |d BUR  |d OCL  |d OKX  |d TEU  |d OCLCO  |d OCLCQ  |d OCLCO  |d OCLCL  |d TXA 
020 |a 9780573706127  |q (pbk.) 
020 |a 0573706123  |q (pbk.) 
035 |a (OCoLC)1004229301 
050 4 |a PR9199.4.B623  |b L55 2017 
082 0 4 |a 812/.6  |2 23 
100 1 |a Bock, Adam  |q (Adam William David),  |e author.  |1 https://id.oclc.org/worldcat/entity/E39PBJd86XPPThBwdBMVQCbTpP 
245 1 2 |a A life /  |c by Adam Bock. 
264 1 |a New York :  |b Samuel French,  |c [2017] 
264 4 |c ©2017 
300 |a 49 pages ;  |c 21 cm 
336 |a text  |b txt  |2 rdacontent 
337 |a unmediated  |b n  |2 rdamedia 
338 |a volume  |b nc  |2 rdacarrier 
490 1 |a Samuel French acting edition 
500 |a 2 men, 3 women. 
520 |a Nate Martin is hopelessly single. When his most recent breakup--another in a lifelong string of ill-fated matches--casts him into a funk, he turns to the only source of wisdom he trusts: the stars. Pouring over astrological charts, he obsessively questions his past and place in the cosmos. 
500 |a The Cushing Library/Women & Gender Studies copy was acquired as part of The Don Kelly Research Collection of Gay Literature and Culture.  |5 TXA 
650 0 |a Single people  |x Attitudes  |v Drama. 
650 0 |a Middle-aged gay men  |v Drama. 
650 0 |a Horoscopes  |v Drama. 
650 7 |a Middle-aged gay men.  |2 fast  |0 (OCoLC)fst01020368 
650 7 |a Horoscopes.  |2 fast  |0 (OCoLC)fst00960361 
650 7 |a Single people  |x Attitudes.  |2 fast  |0 (OCoLC)fst01119416 
655 7 |a Drama.  |2 fast  |0 (OCoLC)fst01423879 
655 7 |a Gay drama.  |2 lcgft 
655 7 |a Théâtre.  |2 rvmgf 
830 0 |a Samuel French acting edition. 
994 |a Z0  |b TXA 
948 |h HELD BY TXA - 46 OTHER HOLDINGS 
999 f f |s 86e566c6-59f3-4214-a342-c5ee279004f7  |i 9d4fbd95-8032-4999-9985-48aec8fcc552  |t 0 
952 f f |p noncirc  |a Texas A&M University  |b College Station  |c Cushing Memorial Library & Archives  |d Cushing: Women & Gender Studies (Does not check out)  |t 0  |e PR9199.4.B623 L55 2017  |f Vertical File  |h Library of Congress classification  |i unmediated -- volume  |m A14853350916 
998 f f |a PR9199.4.B623 L55 2017  |t 0  |l Cushing: Women & Gender Studies (Does not check out)